| 000 | 00473nam a2200169Ia 4500 | ||
|---|---|---|---|
| 999 |
_c9692 _d9692 |
||
| 003 | OSt | ||
| 005 | 20191223143202.0 | ||
| 008 | 190216s9999||||xx |||||||||||||| ||und|| | ||
| 040 | _coclc | ||
| 082 |
_a332.401 _bBHA/M |
||
| 100 |
_aBhatia, H L _9563 |
||
| 245 | 0 |
_aMonetary Theory / _c H L Bhatia |
|
| 260 |
_bVani Educational Books, _c1984 _aNew Delhi: |
||
| 300 | _a729 p | ||
| 650 | _aEconomics | ||
| 942 |
_cBK _2ddc _h332.401 _iBHA/M _k332.401 _mBHA/M |
||